| 000 | 00456nam a22001577a 4500 | ||
|---|---|---|---|
| 005 | 20260420182702.0 | ||
| 008 | 260420b |||||||| |||| 00| 0 eng d | ||
| 020 | _a9780205048427 | ||
| 050 |
_aHV5801 _b.L49 |
||
| 100 | _aLevinthal, Charles F. | ||
| 245 |
_aDrugs, Behavior, and Modern Society _cCharles F. Levinthal |
||
| 250 | _a7th ed. | ||
| 260 |
_aBoston _bAllyn & Bacon _c2012 |
||
| 300 |
_axx. 444p. _bill. color _c25.5cm |
||
| 942 |
_2lcc _cBK _e7th ed. _n0 |
||
| 999 |
_c9318 _d9318 |
||